00419nam a2200133 a 450000100100000000500170001000800410002704000250006810000190009324500500011226000550016230000110021750000570022800002655620200930030302.0110323s1978 dr 000 0 spa d aDO-SdBNPbspacBNPHU1 aTerza, María13aLo que dijo Dios al volver /cMaría Tereza. aSanto Domingo :bEditorial Amigo del Hogar,c1978. a360 P. aIncluye datos bigráficos de la autora en la solapa